Sports Quiz

Random Sports Quiz

Top Strzelcy Liga Polska 94/95 Quiz Stats

Quiz not verified by Sporcle

Challenge
Share
Tweet
Embed
Score 0/62 Timer 20:00
0 Plays Today
Club Answer % Correct
LegiaJerzy Podbrożny
78.3%
Widzew ŁódźRadosław Kowalczyk
78.3%
LegiaLeszek Pisz
76.8%
Lech PoznańPiotr Reiss
69.6%
Ruch ChorzówMariusz Śrutwa
66.7%
Stomil OlsztynSylwester Czereszewski
56.5%
ŁKSTomasz Wieszczycki
53.6%
Lech PoznańMirosław Trzeciak
47.8%
Lech PoznańJacek Dembiński
46.4%
LegiaRadosław Michalski
43.5%
Stal MielecBogusław Cygan
39.1%
Ruch ChorzówKrzysztof Bizacki
39.1%
Zagłębie L.Sławomir Majak
37.7%
Pogoń Sz.Olgierd Moskalewicz
36.2%
Hutnik K.Zakari Lambo
31.9%
Pogoń Sz.Robert Dymkowski
29%
Olimpia P.Arkadiusz Bąk
29%
Ruch ChorzówDariusz Gęsior
29%
PetrochemiaRafał Siadaczka
27.5%
Hutnik K.Krzysztof Bukalski
23.2%
Górnik Z.Dariusz Koseła
20.3%
LegiaAdam Fedoruk
18.8%
GKS KatowiceZdzisław Strojek
17.4%
Stal St. WolaMieczysław Ożóg
17.4%
Warta PoznańDariusz Wojciechowski
17.4%
Górnik Z.Marek Szemoński
15.9%
ŁKSTomasz Cebula
15.9%
GKS KatowiceKrzysztof Walczak
14.5%
Górnik Z.Henryk Bałuszyński
14.5%
Stal MielecRafał Domarski
14.5%
PetrochemiaAdam Majewski
14.5%
Club Answer % Correct
Sokół PniewyRobert Wilk
11.6%
Raków Cz.Bartłomiej Wilk
11.6%
Warta PoznańPiotr Prabucki
11.6%
Pogoń Sz.Jarosław Araszkiewicz
10.1%
Hutnik K.Dariusz Romuzga
10.1%
Widzew ŁódźDariusz Podolski
8.7%
Sokół PniewyTomasz Rząsa
7.2%
Olimpia P.Sławomir Suchomski
7.2%
Raków Cz.Jan Spychalski
7.2%
Pogoń Sz.Waldemar Jaskulski
7.2%
GKS KatowiceKrzysztof Maciejewski
5.8%
ŁKSGrzegorz Krysiak
5.8%
Lech PoznańRyszard Remień
5.8%
Pogoń Sz.Maciej Stolarczyk
5.8%
Widzew ŁódźBogdan Pikuta
4.3%
Zagłębie L.Zbigniew Czajkowski
4.3%
Stal MielecPaweł Kloc
4.3%
Olimpia P.Piotr Burlikowski
4.3%
Raków Cz.Sławomir Palacz
4.3%
Stomil OlsztynCezary Baca
4.3%
PetrochemiaRoman Hryhorczuk
4.3%
Zagłębie L.Janusz Świerad
2.9%
Stomil OlsztynAndrzej Jasiński
2.9%
Stal St. WolaMarek Jakóbczak
2.9%
Warta PoznańKrzysztof Klempka
2.9%
Olimpia P.Andrzej Borówko
2.9%
Górnik Z.Piotr Brzoza
1.4%
Hutnik K.Mariusz Krzywda
1.4%
Sokół PniewyPiotr Kasperski
1.4%
Stal St. WolaArkadiusz Bilski
1.4%
GKS KatowiceGrzegorz Pawłuszek
1.4%

You're not logged in!

Compare scores with friends on all Sporcle quizzes.
Sign Up with Email
OR
Log In

You Might Also Like...

Show Comments

Extras

Top Quizzes Today


Score Distribution

Your Account Isn't Verified!

In order to create a playlist on Sporcle, you need to verify the email address you used during registration. Go to your Sporcle Settings to finish the process.

Report this User

Report this user for behavior that violates our Community Guidelines.

Details: